000 01573nam a22003617a 4500
003 DO-SdBNP
005 20240426142107.0
007 ta
008 240426b2019 dr a|||| |||| 00| 0 spa d
020 _a9789945177428
040 _aDO-SdBNP
_bspa
_cBNPHU
_erda
082 4 _222
245 0 0 _aLengua Española 2 :
_bdel proyecto editorial de educación primaria /
_ccolaboración, Viviana Briceño López, Patricia Otaiza Echard, Roxana Pinto Rodríguez, Marcela Castillo Troncoso ; edición, Lynnette Defilló Arzeno ; corrección, Reina Lissette Ramírez ; ilustraciones, Reison Vásquez, Wi-Hen Fung, Mauricio Apaza Llerena, Mariana Inés Díaz
264 4 _aSanto Domingo :
_bS M,
_c2019.
300 _a223 páginas :
_bIlustraciones ;
_c27 cm.
336 _2rdacontent
_atexto
_btxt
337 _2rdamedia
_asin mediación
_bn
338 _2rdacarrier
_avolumen
_bnc
490 _aSavia
590 _aInventariado 2024/BT
700 1 _aBriceño López, Viviana,,
_ecolaboración
_985304
700 1 _aOtaiza Echard, Patricia,
_ecolaboración
_985305
700 1 _aPinto Rodríguez, Roxana
_ecolaboración
_985306
700 1 _aCastillo Troncoso, Marcela,
_ecolaboración
_985307
700 1 _aDefilló Arzeno, Lynnette,
_eedición
_985308
700 1 _aRamírez, Reyna Lissette
_ecorreción
_985309
700 1 _aFung, Wi-Hen,
_eilustración
_973248
700 1 _aVásquez, Reison,
_eilustración
_96598
700 1 _aApaza Llerenas, Mauricio,
_eilustración
_985341
700 1 _aDíaz, Mariana Inés,
_eilustración
_985343
910 _aBTavárez
942 _2ddc
_cLBS1
999 _c56533
_d56533